RICS global commercial property survey United Kingdom (Record no. 108992)
[ view plain ]
| 000 -LEADER | |
|---|---|
| fixed length control field | 01444cad a22002175a 4500 |
| 001 - CONTROL NUMBER | |
| control field | L145970 |
| 008 - FIXED-LENGTH DATA ELEMENTS--GENERAL INFORMATION | |
| fixed length control field | 081127s2008 xxkad f s 000 0 eng d |
| 035 ## - SYSTEM CONTROL NUMBER | |
| System control number | (Sirsi) u145970 |
| 041 0# - LANGUAGE CODE | |
| Language code of text/sound track or separate title | eng |
| 110 2# - MAIN ENTRY--CORPORATE NAME | |
| Corporate name or jurisdiction name as entry element | Royal Institution of Chartered Surveyors |
| Subordinate unit | Economics |
| 9 (RLIN) | 5033 |
| 245 00 - TITLE STATEMENT | |
| Title | RICS global commercial property survey United Kingdom |
| Remainder of title | Q3 2008 |
| Medium | [electronic resource] |
| 260 ## - PUBLICATION, DISTRIBUTION, ETC. | |
| Place of publication, distribution, etc. | London |
| Name of publisher, distributor, etc. | Royal Institute of Chartered Surveyors |
| Date of publication, distribution, etc. | 2008 |
| 490 #0 - SERIES STATEMENT | |
| Series statement | RICS Global Commercial Property Survey United Kingdom |
| Volume/sequential designation | Q3 2008 |
| 520 ## - SUMMARY, ETC. | |
| Summary, etc. | Reveals that business demand for property weakened further in Q3 2008 with weaknesses now starting to appear across many emerging markets, with the net balance of global rents turning negative at a global level for the first time in the survey's history. Reports that investment activity continued to decline in most regions in the third quarter; steep declines in activity were reported for the first time in Emerging Europe, Emerging Asia and across all the commercial property market sectors. Expects outright falls in rents in Emerging Asia, for the first time in the survey's history. |
| 590 ## - LOCAL NOTE (RLIN) | |
| Local note | KA |
| 650 24 - SUBJECT ADDED ENTRY--TOPICAL TERM | |
| Topical term or geographic name entry element | RICS GLOBAL COMMERCIAL PROPERTY SURVEY |
| 651 #4 - SUBJECT ADDED ENTRY--GEOGRAPHIC NAME | |
| Geographic name | International |
| 690 ## - LOCAL SUBJECT ADDED ENTRY--TOPICAL TERM (OCLC, RLIN) | |
| Topical term or geographic name as entry element | PROPERTY-COMMERCIAL PROPERTY-COMMERCIAL PROPERTY MARKET |
| 856 40 - ELECTRONIC LOCATION AND ACCESS | |
| Uniform Resource Identifier | <a href="https://www.rics.org/site/download_feed.aspx?fileID=64&fileExtension=PDF">https://www.rics.org/site/download_feed.aspx?fileID=64&fileExtension=PDF</a> |
| Public note | View the survey free of charge at www.rics.org |
| 942 ## - ADDED ENTRY ELEMENTS (KOHA) | |
| Suppress in OPAC | 0 |
| Withdrawn status | Lost status | Source of classification or shelving scheme | Damaged status | Not for loan | Home library | Current library | Shelving location | Date acquired | Total Checkouts | Full call number | Barcode | Date last seen | Copy number | Price effective from | Koha item type |
|---|---|---|---|---|---|---|---|---|---|---|---|---|---|---|---|
| Dewey Decimal Classification | Virtual | Virtual | Online | 27/11/2008 | ONLINE PUBLICATION | 145970-2001 | 06/08/2019 | 1 | 06/08/2019 | Book |